Normal view
MARC view
- H. E.Birdgers
Entry Personal Name
001 - CONTROL NUMBER
- control field: 104067
003 - CONTROL NUMBER IDENTIFIER
- control field: NUST
005 - DATE AND TIME OF LATEST TRANSACTION
- control field: 20221205093527.0
008 - FIXED-LENGTH DATA ELEMENTS
- fixed length control field: 221205|| aca||aabn | a|a d
040 ## - CATALOGING SOURCE
- Original cataloging agency: NUST
- Transcribing agency: NUST
100 ## - HEADING--PERSONAL NAME
- Personal name: H. E.Birdgers
670 ## - SOURCE DATA FOUND
- Source citation: Work cat.: (NUST)182387: H. E.Birdgers, Transistor technology Vol.1 /, 1959
